000 00522nam a2200193Ia 4500
003 GCL
008 140319s9999 xx 000 0 ara d
040 _aGCL /
_cGCL
082 0 4 _a629.132
_bس ع
100 1 _aستن، ا.ج
245 1 0 _aعلم الطيران /
_cستن، ا.ج
700 1 _aاسامة الخولى
700 1 _aمصطفى العلايلى
490 _aالالف كتاب
_v0
650 0 4 _aالضوضاء
650 0 4 _aالطيران
650 0 4 _aهندسة الطيران
942 _2ddc
_cBK
999 _c45257
_d45257